Una queja valiosa : (Registro nro. 6209)
[ vista simple ]
| 000 -LEADER | |
|---|---|
| fixed length control field | 01059nab a22002417a 4500 |
| 003 - CONTROL NUMBER IDENTIFIER | |
| control field | OSt |
| 005 - DATE AND TIME OF LATEST TRANSACTION | |
| control field | 20260125221911.0 |
| 008 - FIXED-LENGTH DATA ELEMENTS--GENERAL INFORMATION | |
| fixed length control field | 190514b xxu||||| |||| 00| 0 spa d |
| 040 ## - CATALOGING SOURCE | |
| Transcribing agency | PJ |
| 100 ## - MAIN ENTRY--PERSONAL NAME | |
| 9 (RLIN) | 6694 |
| Personal name | Roldan, Cinthia Vanesa |
| 245 10 - TITLE STATEMENT | |
| Title | Una queja valiosa : |
| Remainder of title | actualización por inflación de la cuota alimentaria / |
| Statement of responsibility, etc | Cinthia Vanesa Roldan. |
| 300 ## - PHYSICAL DESCRIPTION | |
| Extent | p. 8-16 |
| 500 ## - GENERAL NOTE | |
| General note | Cita: TR LALEY AR/DOC/1520/2024. |
| 505 ## - FORMATTED CONTENTS NOTE | |
| Formatted contents note | Sumario: I. Introducción.— II. La plataforma fáctica.— III. Análisis del dictamen.— IV. Reflexiones finales.— V. Breve cierre. |
| 505 ## - FORMATTED CONTENTS NOTE | |
| Title | Fallo comentado: CS ~ 20/02/2024 ~ G., S. M. y otro c. K., M. E. A. s/alimentos. |
| 650 #0 - SUBJECT ADDED ENTRY--TOPICAL TERM | |
| 9 (RLIN) | 967 |
| Topical term or geographic name as entry element | DERECHO DE FAMILIA |
| 650 #0 - SUBJECT ADDED ENTRY--TOPICAL TERM | |
| 9 (RLIN) | 968 |
| Topical term or geographic name as entry element | ALIMENTOS |
| 650 #0 - SUBJECT ADDED ENTRY--TOPICAL TERM | |
| 9 (RLIN) | 4099 |
| Topical term or geographic name as entry element | CUOTA ALIMENTARIA |
| 650 #0 - SUBJECT ADDED ENTRY--TOPICAL TERM | |
| 9 (RLIN) | 3790 |
| Topical term or geographic name as entry element | ACTUALIZACIÓN MONETARIA |
| 650 #0 - SUBJECT ADDED ENTRY--TOPICAL TERM | |
| 9 (RLIN) | 1057 |
| Topical term or geographic name as entry element | JURISPRUDENCIA APLICABLE |
| 773 0# - HOST ITEM ENTRY | |
| Host Biblionumber | 2844 |
| Host Itemnumber | 3222 |
| Place, publisher, and date of publication | Buenos Aires : AbeledoPerrot, 1989- |
| Title | Derecho de familia. Revista Interdisciplinaria de doctrina y jurisprudencia. Agosto 2024-IV. |
| International Standard Book Number | 18511201 |
| 942 ## - ADDED ENTRY ELEMENTS (KOHA) | |
| Source of classification or shelving scheme | |
| Koha item type | Analítica Artículo de Revista |
No hay ítems disponibles.
